[Event "Olympiad Women 2024"]
[Site "Budapest HUN"]
[Date "2024.09.16"]
[Round "6.46"]
[Board "1"]
[White "Ortez, Andrea"]
[Black "Strade, Arita"]
[Result "1/2-1/2"]
[WhiteElo "1948"]
[BlackElo "1946"]
[PlyCount "160"]
[EventDate "2024.09.11"]
[WhiteTeam "El Salvador"]
[BlackTeam "Guernsey"]
[WhiteTeamCountry "ESA"]

1. e4 d6 2. d4 e5 3. Nf3 exd4 4. Nxd4 Nf6 5. Nc3 Be7 6. Be2 O-O 7. O-O Nc6 8. Nxc6 bxc6 9. f4 ({RR} 9. Be3 Re8 10. Qd2 Bf8 {½-½ Savic,M (2515)-Bogosavljevic,B (2522) MNT-chT Cetinje 2012 (8)}) ({RR} 9. Bf4 Rb8 10. b3 Nd7 11. Rc1 Bf6 12. Na4 Ne5 13. c4 c5 14. Nc3 Nc6 15. Nd5 Be5 16. Be3 Nd4 17. f4 Bf6 18. Nxf6+ Qxf6 19. Bxd4 Qxd4+ 20. Qxd4 cxd4 21. c5 f5 22. cxd6 fxe4 23. dxc7 Rb6 {1-0 Shturman,A (2190)-Garcia Correa,J (2103) Titled Tue 11th Jun Early 2024 (6)}) 9... d5 10. e5 Bc5+ 11. Kh1 Nd7 $146 ({RR} 11... Ne4 12. Nxe4 dxe4 13. Bc4 Qh4 14. Qe2 Bf5 15. Be3 Bb6 16. a4 Rad8 17. a5 Bg4 18. Qe1 Qxe1 19. Rfxe1 Bxe3 20. Rxe3 Rd4 21. Bb3 Rb8 22. Rae1 Bf5 23. h3 h5 24. Rc3 Bd7 25. e6 fxe6 26. f5 {1-0 Pogoskin,R (1924)-Rubel,M (1586) RUS-ch Silent 2019 (1)}) 12. Bf3 a5 13. Re1 Re8 14. Bg4 Nf8 15. f5 h5 16. Bh3 Qh4 17. Be3 Bxe3 18. Rxe3 Qf4 19. Qe1 Qh6 20. Rd1 Rb8 21. Na4 Rb4 22. b3 Rf4 23. g3 Rb4 24. a3 Rb5 25. c4 Rb8 26. Nc5 Qg5 27. Qf2 dxc4 28. bxc4 Rb2 29. Qf3 Rc2 30. Ne4 Qh6 31. e6 Rxc4 32. Nd2 Rd4 33. exf7+ Kxf7 34. Rxe8 Kxe8 35. Re1+ Kf7 36. Qb3+ Rd5 37. Ne4 Kg8 38. Nc3 Qd2 39. Rd1 Qe3 40. Bg2 Bxf5 41. Qc4 Kh7 42. Nxd5 cxd5 43. Qxd5 Bg6 44. Qxa5 c5 45. Re1 Qd4 46. Qa8 Qd2 47. Rf1 Ne6 48. Be4 Qe2 49. Bxg6+ Kxg6 50. Qf3 Qe5 51. g4 hxg4 52. Rg1 Kh7 53. Rxg4 Qe1+ 54. Kg2 Qd2+ 55. Kg3 Qd6+ 56. Kh3 Kg8 57. a4 c4 58. Qa8+ Kf7 59. Qb7+ Kf6 60. Qf3+ Ke7 61. Qe3 Kf6 62. Qc3+ Kf7 63. Qxc4 Qe5 64. Qf1+ Ke7 65. Kg2 g5 66. Qf3 Qb2+ 67. Qf2 Qe5 68. Qa7+ Kf6 69. Qf2+ Ke7 70. h4 Qd5+ 71. Qf3 Qd2+ 72. Qf2 Qd5+ 73. Kh2 Qe5+ 74. Qg3 Qe2+ 75. Kh3 Qf1+ 76. Qg2 Qd3+ 77. Kh2 Qd6+ 78. Kg1 Qd1+ 79. Kh2 Qd6+ 80. Kh3 Qd3+ 1/2-1/2

[Event "Olympiad Women 2024"]
[Site "Budapest HUN"]
[Date "2024.09.16"]
[Round "6.46"]
[Board "2"]
[White "Nevska, Gerda"]
[Black "Vasquez Vasquez, Marielos"]
[Result "0-1"]
[WhiteElo "1892"]
[BlackElo "1844"]
[PlyCount "126"]
[EventDate "2024.09.11"]
[WhiteTeam "Guernsey"]
[BlackTeam "El Salvador"]
[BlackTeamCountry "ESA"]

1. c4 Nf6 2. Nc3 g6 3. e4 d6 4. g3 Bg7 5. Bg2 O-O 6. Nge2 c5 7. O-O Nc6 8. h3 Ne8 9. Rb1 Rb8 ({RR} 9... Nc7 10. a3 Rb8 11. b4 cxb4 12. axb4 b5 13. d4 bxc4 14. b5 Na5 15. Qa4 Ne6 16. Be3 Bd7 17. Rb2 a6 18. Ra2 Nb3 19. Qxc4 Bxb5 20. Nxb5 Rxb5 21. Rxa6 Qb8 22. Ra4 Rc8 23. Qd3 Ra5 24. Rxa5 {0-1 Anurag,M (2392)-Zherebukh,Y (2627) Fujairah Masters op 2012 (1)}) 10. a3 a5 11. d3 Nc7 12. b3 $146 ({RR} 12. Be3 b5 13. f4 Nd4 14. b3 Bd7 15. a4 Nxe2+ 16. Nxe2 bxa4 17. bxa4 Rxb1 18. Qxb1 Bxa4 19. Qa2 Qd7 20. Bd2 Ra8 21. Rb1 Ne6 22. Rb6 Nd4 23. e5 Nxe2+ 24. Kf2 Rc8 25. Rb7 Qe8 26. Kxe2 dxe5 {½-½ Titz,H (2290)-Fahrner,K (2310) AUT-chT2S 9394 1993}) 12... Nd4 13. b4 axb4 14. axb4 cxb4 15. Rxb4 Nxe2+ 16. Nxe2 b5 17. Be3 Bd7 18. Qc1 Na6 19. Rb3 Nc5 20. Bxc5 dxc5 21. cxb5 Rxb5 22. Rxb5 Bxb5 23. Qxc5 Qxd3 24. Nf4 Qd7 25. Rb1 Ba4 26. Nd5 e6 27. Nb6 Qd3 28. Rb4 Bd1 29. e5 Rd8 30. Nc4 Bf8 31. Nd6 Bxd6 32. exd6 Qxd6 33. Qa5 Qd2 34. Qc7 Qd6 35. Qa5 Be2 36. Re4 Bd3 37. Rb4 Bf5 38. Rb7 Rc8 39. Qa7 Qd1+ 40. Kh2 Rf8 41. Qe3 Qa1 42. Re7 Qf6 43. Rb7 h5 44. Rb4 Rd8 45. Bf3 Kg7 46. Kg2 Rd3 47. Qc5 Bxh3+ 48. Kxh3 Rxf3 49. Kg2 Rf5 50. Qa7 Qc3 51. Qb7 Qd2 52. Qb6 Qd5+ 53. Kg1 Qd1+ 54. Kg2 Qf3+ 55. Kg1 Rd5 56. Rb1 h4 57. gxh4 Qg4+ 58. Kf1 Qh3+ 59. Kg1 Qxh4 60. Rb3 Rd1+ 61. Kg2 Qh1+ 62. Kg3 g5 63. Qb4 Rg1# 0-1

[Event "Olympiad Women 2024"]
[Site "Budapest HUN"]
[Date "2024.09.16"]
[Round "6.46"]
[Board "3"]
[White "Zavala Galindo, Alejandra Beatriz"]
[Black "Denning, Julie L"]
[Result "1-0"]
[WhiteElo "1870"]
[BlackElo "1741"]
[PlyCount "103"]
[EventDate "2024.09.11"]
[WhiteTeam "El Salvador"]
[BlackTeam "Guernsey"]
[WhiteTeamCountry "ESA"]

1. Nf3 Nf6 2. g3 b5 3. Bg2 Bb7 4. O-O g6 5. d3 Bg7 6. e4 d6 7. c3 ({RR} 7. Nc3 b4 8. Ne2 O-O 9. h3 a5 10. g4 c5 11. Ng3 Nc6 12. Rb1 Nd7 13. Be3 a4 14. a3 bxa3 15. bxa3 Ba6 16. Qd2 c4 17. Rfd1 cxd3 18. cxd3 Nce5 19. Nxe5 Nxe5 20. Qe2 Rb8 21. Rxb8 Qxb8 {0-1 Gukesh,D (2725)-Carlsen,M (2859) chess.com SpeedChess 2022 (1.21)}) ({RR} 7. Re1 Nfd7 8. d4 O-O 9. Nc3 b4 10. Nd5 a5 11. Bg5 Re8 12. Nh4 c6 13. Nf4 h6 14. Nhxg6 hxg5 15. Qh5 fxg6 16. Nxg6 Nf6 17. Qxg5 e5 18. dxe5 dxe5 19. Rad1 Qc7 20. h4 Na6 21. Bf1 Qf7 {1-0 Coro,L (2296)-Travkina,A (2202) Titled Tue 2nd Jan Early 2024 (7)}) 7... O-O 8. Qb3 $146 ({RR} 8. a4 a6 9. axb5 axb5 10. Rxa8 Bxa8 11. Nd4 c6 12. e5 dxe5 13. Nxb5 e4 14. N5a3 exd3 15. Qa4 Nbd7 16. Be3 Nd5 17. Re1 c5 18. Qd1 Nxe3 19. Rxe3 Bxg2 20. Kxg2 Qa8+ 21. Kg1 Ne5 22. f4 Nc6 {0-1 Verlinden,R-Filipek,J (2363) Ghent op 26th 2003 (2)}) 8... a5 9. a4 c6 10. Na3 Nbd7 11. axb5 Nc5 12. Qc2 cxb5 13. Nxb5 a4 14. Be3 Nb3 15. Rad1 e5 16. Nd2 Bc6 17. Na3 Qb8 18. h3 Qb7 19. Nac4 Rfd8 20. Bb6 Nxd2 21. Qxd2 Rd7 22. Ba5 Qb5 23. Bb4 Qb8 24. Qe3 Raa7 25. Ra1 Ne8 26. Rfd1 d5 27. Nb6 Rd8 28. exd5 Ba8 29. Rxa4 Rxa4 30. Nxa4 Bxd5 31. Bxd5 Rxd5 32. Qb6 Qc8 33. Kg2 Qa8 34. Kh2 Qxa4 35. Qb8 Qd7 36. c4 Bf6 37. cxd5 Kg7 38. Rc1 Kh6 39. Bd2+ g5 40. Rc8 Ng7 41. Rc6 Kg6 42. Qb6 Ne8 43. Qc5 Kg7 44. Bc3 Qf5 45. Qe3 h5 46. b4 Qd7 47. Bxe5 Qxd5 48. Qxg5+ Kf8 49. Rxf6 Nxf6 50. Bxf6 Qd6 51. Qg7+ Ke8 52. Qg8+ 1-0

[Event "Olympiad Women 2024"]
[Site "Budapest HUN"]
[Date "2024.09.16"]
[Round "6.47"]
[Board "1"]
[White "Mayorga Araya, Sofia"]
[Black "Laamim, Roaa"]
[Result "1-0"]
[WhiteElo "2059"]
[BlackElo "1879"]
[PlyCount "75"]
[EventDate "2024.09.11"]
[WhiteTeam "Costa Rica"]
[BlackTeam "Morocco"]
[WhiteTeamCountry "CRI"]
[BlackTeamCountry "MAR"]

1. e4 {Bulletin} e5 2. Nf3 Nc6 3. Bb5 a6 4. Ba4 Nf6 5. Qe2 b5 6. Bb3 Bc5 7. c3 O-O 8. O-O d5 9. d3 d4 10. h3 ({RR} 10. Bg5 h6 11. Bxf6 Qxf6 12. Bd5 dxc3 13. bxc3 Bd7 14. Nbd2 Rad8 15. a4 Ne7 16. axb5 axb5 17. Rfd1 Ng6 18. g3 Bh3 19. d4 exd4 20. cxd4 Bxd4 21. Nxd4 Qxd4 22. Rac1 Qf6 23. Rc6 Qe7 24. Nf3 Kh8 {0-1 Ljubojevic,L (2580)-Sokolov,I (2645) Linares 13th 1995 (5)}) ({RR} 10. Nbd2 Qe7 11. Rd1 dxc3 12. bxc3 b4 13. Bb2 Nh5 14. cxb4 Nf4 15. Qf1 Bxb4 16. Bd5 Nxd5 17. exd5 Nd4 18. Nxd4 exd4 19. Bxd4 Qg5 20. Nc4 Qxd5 21. Bb2 a5 22. Rac1 Ra6 23. a3 Be7 24. Re1 Bf6 {1-0 Krzywnicka,M (1912)-Siekanska,Z (1910) TCh-POL 2nd League 2024 (2.12)}) 10... h6 11. Nbd2 a5 $146 ({RR} 11... dxc3 12. bxc3 Nh5 13. d4 exd4 14. Nxd4 Bxd4 15. cxd4 Nf4 16. Qe3 Nxd4 17. Kh1 Nfe6 18. Bb2 c5 19. Bd5 Rb8 20. Nb3 Bb7 21. Nxc5 Nxc5 ({RR} 21... Bxd5 22. exd5 ({RR} 22. Bxd4 Nxd4 23. Qxd4 Bc4 24. Rfd1 Qxd4 25. Rxd4 Rfd8) 22... Qxd5 23. Nxa6 Nf5 24. Qb3) 22. Qxd4 Ne6 23. Qe5 Qg5 ({RR} 23... Qe7 24. Rac1 Rbc8 25. f4 Bxd5 26. exd5) 24. f4 Nxf4 25. Rxf4 ({RR} 25. Qxf4 Qxf4 26. Rxf4 Bxd5 27. exd5 Rbd8 28. Raf1) 25... Bxd5 26. exd5 {1-0 Leuschner,G (1876)-Weigel,H (2177) Bayern-ch Seniors 09th 1997 (5)}) ({RR} 11... dxc3 12. bxc3 Nh5 13. Rd1 Nf4 14. Qf1 Qxd3 15. Bd5 Bb7 16. Nb3 Qxf1+ 17. Kxf1 Bd6 18. Bxf4 exf4 19. a4 Rab8 20. axb5 axb5 21. e5 Nxe5 22. Bxb7 Rxb7 23. Nxe5 Bxe5 24. Nc5 Rbb8 25. Nd7 Bxc3 26. Rab1 {0-1 Lin,C (2332)-Liang,C (2524) CHN-chT Torch Real Estate Cup 2005 (9)}) 12. a4 dxc3 13. bxc3 b4 14. Bb2 bxc3 15. Bxc3 Nd4 16. Qd1 Re8 17. Ba2 Bb4 18. Bxb4 axb4 19. Nxd4 Qxd4 20. Qc2 Ba6 21. Rfd1 Qd7 22. Nf3 Rac8 23. d4 exd4 24. Rxd4 Qe7 25. e5 Nd7 26. Qc6 Nb6 27. a5 Be2 28. axb6 Bxf3 29. Qxf3 cxb6 30. Rad1 Rc3 31. R4d3 Rxd3 32. Rxd3 Qa7 33. Bb3 Kh8 34. Bxf7 Rc8 35. Rd1 Qe7 36. e6 Rd8 37. Rxd8+ Qxd8 38. e7 1-0

[Event "Olympiad Women 2024"]
[Site "Budapest HUN"]
[Date "2024.09.16"]
[Round "6.47"]
[Board "2"]
[White "Chemaou lilya"]
[Black "Rodriguez Arrieta, Maria Elena"]
[Result "0-1"]
[WhiteElo "1565"]
[BlackElo "1941"]
[PlyCount "64"]
[EventDate "2024.09.11"]
[WhiteTeam "Morocco"]
[BlackTeam "Costa Rica"]
[WhiteTeamCountry "MAR"]
[BlackTeamCountry "CRI"]

1. e4 e5 2. Nc3 Nc6 3. Nf3 Nf6 4. Bb5 Bb4 5. d3 d6 6. h3 O-O 7. O-O Ne7 8. a3 ({RR} 8. Ne2 c6 9. Ba4 Ng6 10. c3 Ba5 11. Ng3 {½-½ Llaneza Vega,M (2424)-Koziak,V (2515) Gorzow Wielkopolski Lasker Memorial 1st 2017 (4)}) ({RR} 8. Re1 c6 9. Ba4 Ng6 10. d4 a5 11. a3 Bxc3 12. bxc3 d5 13. Nxe5 Nxe4 14. Bd2 Nxe5 15. dxe5 Qh4 16. Rxe4 Qxe4 17. Bb3 a4 18. Ba2 Qxe5 19. c4 dxc4 20. Bxc4 Rd8 21. Bd3 Bf5 22. Be3 Bxd3 {0-1 Przybylski,W (2308)-Sahakyan,A (2288) Titled Tue 23rd Jan Late 2024 (6)}) 8... Bxc3 9. bxc3 c6 10. Ba4 Qa5 $146 ({RR} 10... Ng6 11. c4 Nd7 12. Bb3 Nc5 13. Be3 f5 14. Bg5 Qc7 15. exf5 Rxf5 16. Qe2 Bd7 17. Bd2 Raf8 18. Ng5 h6 19. Ne4 Ne6 20. Ng3 R5f7 21. Be3 Ngf4 22. Qd2 Ng5 23. Bxf4 Rxf4 24. Qe3 Kh8 25. Ne4 {0-1 Vladyka,V (2065)-Dolezal,R (2355) Schneider Bohemia op-A 2000}) 11. Bb3 Qxc3 12. Bd2 Qc5 13. Bb4 Qb6 14. Bxd6 Qd8 15. Bxe5 Ng6 16. Bc3 Nh5 17. Qd2 Nhf4 18. Ne5 Qg5 19. Ng4 h5 20. f3 hxg4 21. fxg4 Be6 22. Bxe6 Nxe6 23. Qf2 c5 24. Qf5 Qe7 25. g3 Nd4 26. Qf2 Rad8 27. Bxd4 Rxd4 28. Qf5 c4 29. Qf2 Qd6 30. dxc4 Rd2 31. Qe3 Rd8 32. Qxa7 Qxg3+ 0-1

[Event "Olympiad Women 2024"]
[Site "Budapest HUN"]
[Date "2024.09.16"]
[Round "6.47"]
[Board "3"]
[White "Acevedo Mendez, Jennifer"]
[Black "El Harrak, Maryam"]
[Result "1-0"]
[WhiteElo "1836"]
[BlackElo "1639"]
[PlyCount "51"]
[EventDate "2024.09.11"]
[WhiteTeam "Costa Rica"]
[BlackTeam "Morocco"]
[WhiteTeamCountry "CRI"]
[BlackTeamCountry "MAR"]

1. e4 c6 2. d4 d5 3. e5 Bf5 4. Nf3 e6 5. Be2 Nd7 6. O-O c5 7. c3 a6 ({RR} 7... cxd4 8. cxd4 Ne7 9. Be3 Nc6 10. a3 Be7 11. b4 O-O 12. Nc3 Nb6 13. Bd3 Bxd3 14. Qxd3 Nc4 15. Nd2 N4xe5 16. dxe5 d4 17. Nf3 dxe3 18. Qxe3 Qb6 19. Qxb6 axb6 20. Nb5 Rfd8 21. Rfd1 g6 22. Kf1 {½-½ Masternak,G (2395)-Meduna,E (2445) CZE-chT 9596 1995 (1)}) 8. Be3 ({RR} 8. h3 h6 9. Be3 Rc8 10. Nbd2 Qb6 11. b3 f6 12. g4 Bh7 13. c4 fxe5 14. dxe5 d4 15. Bf4 d3 16. Re1 dxe2 17. Qxe2 Qc6 18. g5 Ne7 19. gxh6 gxh6 20. Nh4 Rg8+ 21. Kh2 Nf5 22. Qh5+ Kd8 {0-1 Zenuni,S (1942)-Haliti,F FRM-chT qual Gr-B 2020 (4.4)}) 8... Qc7 $146 ({RR} 8... c4 9. b3 b5 10. a4 h6 11. Nbd2 Ne7 12. Ra2 Nc6 13. Qa1 Rc8 14. axb5 axb5 15. Qb2 Be7 16. Rfa1 O-O 17. Bd1 Kh8 18. bxc4 bxc4 19. Ba4 Rb8 20. Qc1 Qc7 21. h3 Rb6 22. Bc2 Bxc2 23. Qxc2 {½-½ Wuestehube,H (2011)-Shkolnyk,B (1879) Korbach op-A 2nd 2008 (6)}) ({RR} 8... Rc8 9. Ne1 Qb6 10. b3 cxd4 11. cxd4 Ne7 12. Nd2 Nc6 13. Kh1 Bb4 14. g4 Bg6 15. f4 Ne7 16. Ndf3 h5 17. Ng5 hxg4 18. Bxg4 Nf5 19. Bxf5 Bxf5 20. Rc1 Rxc1 21. Qxc1 {½-½ Schulzke,E-Heger,D Klinge U20 1993 (1)}) 9. Nh4 Bg6 10. Nxg6 hxg6 11. Nd2 Be7 12. Nf3 Nh6 13. Rc1 c4 14. b3 b5 15. Qd2 O-O 16. Bxh6 gxh6 17. Qxh6 Rfe8 18. Ng5 Bxg5 19. Qxg5 Kg7 20. f4 Qd8 21. Qg3 Kh7 22. Rf3 Rh8 23. Rcf1 Qe7 24. f5 g5 25. f6 Qf8 26. Qxg5 1-0

[Event "Olympiad Women 2024"]
[Site "Budapest HUN"]
[Date "2024.09.16"]
[Round "6.47"]
[Board "4"]
[White "El Barbry, Sarah"]
[Black "Bogantes Robleto, Karina"]
[Result "1-0"]
[WhiteElo "1862"]
[BlackElo "1766"]
[PlyCount "115"]
[EventDate "2024.09.11"]
[WhiteTeam "Morocco"]
[BlackTeam "Costa Rica"]
[WhiteTeamCountry "MAR"]
[BlackTeamCountry "CRI"]

1. e4 c5 2. Nf3 Nc6 3. Bb5 g6 4. Bxc6 dxc6 5. d3 Bg7 6. h3 Nf6 7. Nc3 Nd7 8. Be3 e5 9. Qd2 h6 10. O-O b6 11. Nh2 Nf8 12. f4 exf4 13. Rxf4 Ne6 14. Rf2 Nd4 ({RR} 14... O-O 15. Bxh6 Bxh6 16. Qxh6 Qg5 17. Qxg5 Nxg5 18. Nf3 Nxf3+ 19. Rxf3 Kg7 20. g4 Be6 21. a4 a5 22. b3 Rad8 23. Kg2 Rh8 24. Kg3 g5 25. Nd1 Rh6 26. Ne3 Rdh8 27. Rh1 Rf6 28. Rhf1 Rfh6 29. Kg2 {0-1 Keller,P (2289)-Van Roon,S (2242) Titled Tue 16th Jan Late 2024 (6)}) 15. Raf1 Be6 16. Kh1 $146 ({RR} 16. Ng4 h5 17. Bg5 Qd6 18. e5 Qc7 19. Nf6+ Kf8 20. Qf4 Rd8 21. Nce4 a5 22. a4 Rd5 23. Nxd5 cxd5 24. Nd6 Nf5 25. g4 hxg4 26. hxg4 Nxd6 27. exd6 Qd7 28. Be7+ Kg8 29. Rh2 Bxb2 30. Rxh8+ Bxh8 {1-0 Davis,C (1783)-Pal,R (1935) Newcastle Northumbria Masters 2022 (8)}) ({RR} 16. b3 Qd7 17. Nf3 O-O-O 18. a4 Nxc2 19. Qxc2 Qxd3 20. Qxd3 Rxd3 21. Nd1 Bxb3 22. Rd2 Rhd8 23. Rxd3 Rxd3 24. Nf2 Rxe3 25. e5 Bxe5 26. Nxe5 Rxe5 27. Ng4 Re4 28. Rf6 Rxa4 29. Nxh6 c4 30. Rxc6+ Kb7 {0-1 Reichel,J (1942)-Serrer,C (2082) GER Cup Net V2 U2400 blitz 2020 (3)}) 16... Qd7 17. b3 O-O-O 18. a4 a5 19. Ne2 Nxe2 20. Qxe2 f5 21. Nf3 fxe4 22. dxe4 g5 23. Nh2 Rhf8 24. Rxf8 Bxf8 25. Rf6 Kb7 26. Rf1 Bg7 27. Ng4 Bxg4 28. Qxg4 Qxg4 29. hxg4 Rd7 30. Re1 Be5 31. Kg1 Bg3 32. Bf2 Bxf2+ 33. Kxf2 Rd2+ 34. Ke3 Rd6 35. e5 Rd4 36. Kf3 Kc7 37. Rh1 Rf4+ 38. Kg3 Re4 39. Rxh6 Rxe5 40. Kf3 Kb7 41. Rh7+ Kc8 42. Rf7 Rd5 43. Rg7 Kb8 44. g3 Kc8 45. Ke4 Rd2 46. Rxg5 Rxc2 47. Rf5 Re2+ 48. Kf4 Rb2 49. g5 Rxb3 50. g6 Rb1 51. g7 Rf1+ 52. Kg5 Rxf5+ 53. Kxf5 b5 54. g8=Q+ Kb7 55. g4 c4 56. g5 c3 57. Qg7+ Kb6 58. Qxc3 1-0

[Event "Olympiad Women 2024"]
[Site "Budapest HUN"]
[Date "2024.09.16"]
[Round "6.48"]
[Board "1"]
[White "Kanyamarala, Trisha"]
[Black "Feng, Eunice"]
[Result "1/2-1/2"]
[WhiteElo "2179"]
[BlackElo "1974"]
[PlyCount "72"]
[EventDate "2024.09.11"]
[WhiteTeam "Ireland"]
[BlackTeam "Hong Kong, China"]
[WhiteTeamCountry "IRL"]

1. d4 d5 2. c4 c6 3. Nc3 Nf6 4. e3 e6 5. Nf3 Nbd7 6. Bd3 dxc4 7. Bxc4 b5 8. Bb3 Bb7 9. O-O a6 10. e4 b4 ({RR} 10... c5 11. e5 cxd4 12. Qxd4 Bc5 13. Qf4 Nd5 14. Nxd5 Bxd5 15. Bxd5 exd5 16. Qg4 g6 17. Bh6 Nf8 18. Bg7 Rg8 19. Bf6 Qd7 20. Qh4 h5 21. Rad1 Ne6 22. Ng5 Be7 23. Ne4 g5 24. Qxh5 O-O-O 25. Qxf7 {1-0 Hungaski,R (2471)-Liu,Y (2268) Titled Tue 4th Jun Late 2024 (3)}) 11. Na4 ({RR} 11. e5 bxc3 12. exf6 Nxf6 13. bxc3 Bd6 14. Rb1 Rb8 15. c4 h6 16. c5 Bc7 17. Ne5 Bxe5 18. dxe5 Qxd1 19. Rxd1 Nd7 20. f4 Ke7 21. Be3 Rhd8 22. Bc4 Ke8 23. Kf2 Bc8 24. a4 Ke7 25. Rxb8 Nxb8 {½-½ Adhiban,B (2659)-Smirnov,A (2597) Asia Nations online Cup final rapid 2020 (6.1)}) 11... Nxe4 12. Re1 Ndf6 $146 ({RR} 12... Nef6 13. Ng5 Nd5 14. Qh5 g6 15. Qh3 N7f6 16. Nc5 Bxc5 17. dxc5 Bc8 18. Bxd5 cxd5 19. Qh6 Ng4 20. Qh4 h6 21. Qxg4 hxg5 22. Bxg5 f6 23. Bd2 Kf7 24. Bxb4 Qc7 25. Qg3 Qxg3 26. hxg3 Rb8 27. Bc3 {0-1 Milikow,Y (2161)-Gorodetzky,D (2460) Jerusalem Japhet Memorial op 4th 2018 (6)}) ({RR} 12... Nef6 13. Ng5 Be7 14. Bxe6 fxe6 15. Nxe6 Qa5 16. Nac5 Nxc5 17. dxc5 Kf7 18. Ng5+ Kf8 19. Rxe7 Kxe7 20. Qd6+ Ke8 21. Qe6+ Kd8 22. Nf7+ Kc7 23. Bf4# {1-0 Bluebaum,M (2670)-Seo,J (2453) Titled Tuesday intern op 02nd Mar blitz 2021 (10)}) 13. Qc2 c5 14. Nxc5 Bxc5 15. Ba4+ Ke7 16. dxc5 Bd5 17. Bf4 Rc8 18. c6 Qa5 19. Nd2 Nc5 20. Nb3 Bxb3 21. axb3 Nd5 22. Be5 f6 23. Bd4 Nxa4 24. bxa4 Kf7 25. Rac1 Rhd8 26. Qxh7 Qxa4 27. Qh5+ Kg8 28. c7 Rxc7 29. Rxc7 Nxc7 30. Bxf6 gxf6 31. Qg6+ Kf8 32. Qxf6+ Ke8 33. Rxe6+ Nxe6 34. Qxe6+ Kf8 35. Qf6+ Ke8 36. Qe6+ Kf8 1/2-1/2

[Event "Olympiad Women 2024"]
[Site "Budapest HUN"]
[Date "2024.09.16"]
[Round "6.48"]
[Board "2"]
[White "Lou, Yuxin"]
[Black "O'Gorman, Alice"]
[Result "0-1"]
[WhiteElo "1654"]
[BlackElo "1996"]
[PlyCount "64"]
[EventDate "2024.09.11"]
[WhiteTeam "Hong Kong, China"]
[BlackTeam "Ireland"]
[BlackTeamCountry "IRL"]

1. d4 d5 2. c4 e6 3. Nc3 a6 4. Nf3 dxc4 5. a4 Nc6 6. e4 Na5 7. Bf4 ({RR} 7. Be3 c6 8. Ne5 b5 9. Qf3 Nf6 10. Nxf7 Kxf7 11. e5 Bb7 12. Be2 c5 13. d5 exd5 14. exf6 g6 15. axb5 axb5 16. Nxb5 Bc6 17. Nc3 d4 18. Ne4 h6 19. O-O Qd5 20. Bd2 d3 21. Bd1 Qxe4 {0-1 Li,D (2450)-Li,C (2725) CHN-chT Hangzhou 2018 (8.1)}) ({RR} 7. Ne5 Nb3 8. Rb1 Qxd4 9. Qxd4 Nxd4 10. Bxc4 Ne7 11. O-O Nec6 12. Bf4 Bd6 13. Nxc6 Nxc6 14. Bxd6 cxd6 15. Rfd1 Ke7 16. b4 Ne5 17. Be2 g5 18. Rd2 b6 19. Rc1 Rd8 20. Nd1 Bb7 21. f3 Rdc8 {0-1 Pillay,R (1633)-Kebede,Y (2037) 45th Olympiad 2024 (4.66)}) 7... Bb4 8. d5 $146 ({RR} 8. Qc2 Nf6 9. Rd1 b5 10. Bg5 h6 11. Bh4 Bb7 12. d5 exd5 13. e5 g5 14. Nxg5 hxg5 15. Bxg5 Qd7 16. Bxf6 Rh6 17. Be2 d4 18. O-O Rg6 19. Ne4 Qh3 20. g3 Rh6 21. Bh4 Rxh4 22. gxh4 O-O-O {1-0 Prohorov,O (2086)-Sainz Aguirre,I (1829) Titled Tue 18th Jul Late 2023 (10)}) 8... exd5 9. Qxd5 Qxd5 10. exd5 Nf6 11. Rd1 O-O 12. Be2 Re8 13. Bxc7 Bf5 14. Kf1 Rac8 15. Bb6 Nb3 16. Nd4 Nxd4 17. Bxd4 Bd7 18. Bxf6 gxf6 19. Rd4 Bxc3 20. bxc3 Bxa4 21. Bxc4 b5 22. Bd3 Rxc3 23. g3 Rd8 24. Kg2 Bb3 25. Be4 a5 26. Rb1 a4 27. Rb4 Rc4 28. Rxc4 Bxc4 29. f3 a3 30. Ra1 a2 31. Kf2 b4 32. Bc2 b3 0-1

[Event "Olympiad Women 2024"]
[Site "Budapest HUN"]
[Date "2024.09.16"]
[Round "6.48"]
[Board "3"]
[White "Mirza, Diana"]
[Black "Leung, Hoi Ting"]
[Result "1-0"]
[WhiteElo "1962"]
[BlackElo "1619"]
[PlyCount "61"]
[EventDate "2024.09.11"]
[WhiteTeam "Ireland"]
[BlackTeam "Hong Kong, China"]
[WhiteTeamCountry "IRL"]

1. d4 Nf6 2. Nf3 d5 3. e3 Bf5 4. c4 e6 5. Bd3 Bxd3 6. Qxd3 c6 7. O-O Be7 8. Nc3 O-O 9. b3 Nbd7 10. Bb2 Rc8 ({RR} 10... a6 11. e4 dxe4 12. Nxe4 Nxe4 13. Qxe4 Qa5 14. a4 Rad8 15. Rfe1 Bf6 16. Rad1 Rfe8 17. h3 Qc7 18. Qc2 Nf8 19. g3 c5 20. d5 {½-½ Malakhov,V (2682)-Dreev,A (2655) Solin 14th 2006 (3)}) 11. cxd5 ({RR} 11. Rad1 Qa5 12. a3 Rfe8 13. Rfe1 h6 14. b4 Qc7 15. e4 Nxe4 16. Nxe4 dxe4 17. Rxe4 Nf6 18. Re2 Nd7 19. Rde1 Bf6 20. Ba1 Red8 21. Qe4 Nf8 22. h3 Ng6 23. g3 a5 24. h4 axb4 25. axb4 Ra8 {1-0 Yelisieiev,Y (2402)-Rodriguez Lopez,D (2191) Titled Tue 18th Jun Early 2024 (4)}) 11... exd5 $146 ({RR} 11... cxd5 12. Rac1 Nb6 13. Nd2 Qd7 14. f3 Rc6 15. e4 dxe4 16. fxe4 Rd8 17. Nf3 Rdc8 18. Ne5 Qd8 19. Nxc6 bxc6 20. e5 Nfd7 21. Qf3 Qe8 22. Ne2 Nd5 23. Ng3 Nf8 24. Ne4 Ng6 25. g3 h6 26. a3 {½-½ Grabow,G (1653)-Feige,D (1736) Mecklenburg VP LL2 West 0102 2001 (5.5)}) 12. Ne5 Re8 13. f4 Ne4 14. Nxe4 dxe4 15. Qxe4 f6 16. Nxd7 Ba3 17. Qc2 Bxb2 18. Qxb2 Qxd7 19. Rf3 Re7 20. f5 Rce8 21. Kf2 Qd6 22. Rh1 b6 23. Qc3 Rc7 24. Qc4+ Kh8 25. g3 c5 26. Rc1 cxd4 27. Qxc7 dxe3+ 28. Kg1 Qd4 29. Qf4 Qb2 30. Qxe3 Rg8 31. Rf2 1-0

[Event "Olympiad Women 2024"]
[Site "Budapest HUN"]
[Date "2024.09.16"]
[Round "6.48"]
[Board "4"]
[White "Liu, Tian Yi"]
[Black "Gora, Antonina"]
[Result "1-0"]
[WhiteElo "1607"]
[BlackElo "1943"]
[PlyCount "83"]
[EventDate "2024.09.11"]
[WhiteTeam "Hong Kong, China"]
[BlackTeam "Ireland"]
[BlackTeamCountry "IRL"]

1. e4 c5 2. Nf3 d6 3. Bb5+ Nd7 4. c3 a6 5. Ba4 b5 6. Bc2 Bb7 7. O-O Ngf6 8. Qe2 g6 9. d4 ({RR} 9. d3 Bg7 10. h3 O-O 11. Re1 e5 12. Nbd2 Qc7 13. Nf1 d5 14. Ng3 Rfe8 15. b3 c4 16. bxc4 bxc4 17. dxc4 dxe4 18. Ng5 Nc5 19. N5xe4 Nfxe4 20. Nxe4 Nxe4 21. Bxe4 Bxe4 22. Qxe4 Rac8 23. Ba3 Qxc4 {0-1 Marjanovics,G (1968)-Hresc,V (2256) 36th Pula Open 2024 (2.15)}) 9... cxd4 10. cxd4 Bg7 11. Re1 $146 ({RR} 11. Nbd2 O-O 12. e5 Nd5 13. e6 fxe6 14. Qxe6+ Kh8 15. Ng5 Nf4 16. Nf7+ Rxf7 17. Qxf7 Nxg2 18. Ne4 Nh4 19. Bg5 Nf5 20. Be3 Qf8 21. Qe6 Nb6 22. Bb3 Bxd4 23. Ng5 Kg7 24. Rad1 Bxe3 25. fxe3 Qf6 {1-0 Li,W (2135)-Wang,K (2071) Titled Tuesday intern op 6th Aug blitz 2019 (5)}) 11... O-O 12. Bd2 Rc8 13. Bd3 Qb6 14. a4 bxa4 15. Rxa4 Nb8 16. Na3 Nfd7 17. Nc4 Qa7 18. Na5 Nb6 19. Rb4 Nc6 20. Nxc6 Bxc6 21. Bxa6 Rb8 22. d5 Bd7 23. Be3 Qc7 24. Rc1 Qd8 25. Nd4 Na8 26. Nc6 Bxc6 27. Rxb8 Qxb8 28. dxc6 Nc7 29. Bb7 d5 30. Rd1 dxe4 31. Rd7 Be5 32. Bb6 Na8 33. Qa6 Bxh2+ 34. Kh1 Nxb6 35. Qxb6 Qf4 36. Qe3 Qh4 37. Qh3 Qxf2 38. Kxh2 e3 39. Qg3 Qf5 40. Qxe3 e5 41. Rd5 Re8 42. c7 1-0